The least developed countries report 2006/ (Record no. 9161)

MARC details
000 -LEADER
fixed length control field 00584nam a22001937a 4500
003 - CONTROL NUMBER IDENTIFIER
control field OSt
005 - DATE AND TIME OF LATEST TRANSACTION
control field 20240710163208.0
008 - FIXED-LENGTH DATA ELEMENTS--GENERAL INFORMATION
fixed length control field 240710b |||||||| |||| 00| 0 eng d
020 ## - INTERNATIONAL STANDARD BOOK NUMBER
International Standard Book Number 9211127017
040 ## - CATALOGING SOURCE
Original cataloging agency MUST LIB
Transcribing agency MUST
Modifying agency MUST
082 ## - DEWEY DECIMAL CLASSIFICATION NUMBER
Edition number 22
Classification number 338.9
Item number LEA
245 ## - TITLE STATEMENT
Title The least developed countries report 2006/
Remainder of title developing productive capacities.
260 ## - PUBLICATION, DISTRIBUTION, ETC. (IMPRINT)
Place of publication, distribution, etc. New York
Name of publisher, distributor, etc. United Nations
Date of publication, distribution, etc. 2006
300 ## - PHYSICAL DESCRIPTION
Extent XV, 352. P ;
Other physical details Ill.
Dimensions 30 cm.
504 ## - BIBLIOGRAPHY, ETC. NOTE
Bibliography, etc includes, Notes, References
650 ## - SUBJECT ADDED ENTRY--TOPICAL TERM
Source of heading or term economics
Topical term or geographic name as entry element development
9 (RLIN) 612
856 ## - ELECTRONIC LOCATION AND ACCESS
Materials specified table of contents.
942 ## - ADDED ENTRY ELEMENTS (KOHA)
Source of classification or shelving scheme Dewey Decimal Classification
Koha item type Open Shelf
Holdings
Withdrawn status Lost status Source of classification or shelving scheme Damaged status Not for loan Home library Current library Date acquired Source of acquisition Inventory number Total Checkouts Full call number Barcode Date last seen Price effective from Koha item type
    Dewey Decimal Classification     MUST Main Library MUST Main Library 10/07/2024 Donation 09/31282   338.9 LEA 2024-21936 10/07/2024 10/07/2024 Open Shelf